[Event "It"]
[Site "masterchessopen.com Tampere (Finland)"]
[Round "7"]
[White "Sorsa Nuutti (FIN)"]
[Black "Sorsa Miitrei (FIN)"]
[Result "1-0"]
[WhiteElo "2187"]
[BlackElo "2056"]

1.e4 c5 2.Nf3 d6 3.d4 cxd4 4.Nxd4 Nf6 5.Nc3 Nc6 6.Bg5 e6 7.Qd2 a6 8.O-O-O h6
9.Be3 Nxd4 10.Bxd4 b5 11.f4 Be7 12.Qe3 O-O 13.Bxf6 Bxf6 14.e5 Be7 15.exd6 Bf6
16.Be2 g6 17.Bf3 Rb8 18.Qa7 Qb6 19.Qxb6 Rxb6 20.Ne4 Bd8 21.Nc5 a5 22.Rd3 f5
23.Rhd1 b4 24.d7 Ba6 25.Rd6 Rxd6 26.Rxd6 Bc4 27.b3 Bd5 28.Bxd5 exd5 29.Rxg6+
{#r} 1-0

[Event "Ch Poland (juniors) (under 20)"]
[Site "masterchessopen.com Trzbinia (Poland)"]
[Round "0"]
[White "Jakubowski Marcin (POL)"]
[Black "Blehm Pawel (POL)"]
[Result "0-1"]
[WhiteElo "2262"]
[BlackElo "2479"]

1.e4 c5 2.Nf3 d6 3.d4 cxd4 4.Nxd4 Nf6 5.Nc3 Nc6 6.Bg5 e6 7.Qd2 a6 8.O-O-O h6
9.Bf4 Bd7 10.Nxc6 Bxc6 11.Qe1 Be7 12.Kb1 Qc7 13.f3 b5 14.e5 dxe5 15.Bxe5 Qa5
16.Bd3 b4 17.Bxf6 Bxf6 18.Be4 O-O 19.Ne2 Bxe4 20.fxe4 Qe5 21.Rd4 Rfd8 22.Rxb4
Rab8 23.Rxb8 Rxb8 24.c3 Qxe4+ 25.Ka1 Qc2 26.b3 Rd8 27.Nd4 Rxd4 {#R} 0-1

[Event "Memorial C.Torre"]
[Site "masterchessopen.com Yucatan (Mexico)"]
[Round "7"]
[White "Romero Holmes Alfonso (ESP)"]
[Black "Vera Reynaldo (CUB)"]
[Result "0-1"]
[WhiteElo "2489"]
[BlackElo "2538"]

1.e4 c5 2.Nc3 Nc6 3.Nf3 d6 4.d4 cxd4 5.Nxd4 Nf6 6.Bg5 e6 7.Qd2 a6 8.O-O-O Nxd4
9.Qxd4 Be7 10.f3 b5 11.a3 Bb7 12.h4 Rc8 13.g4 h6 14.Be3 d5 15.Bf4 Bc5 16.Qe5
O-O 17.exd5 exd5 18.Qf5 g6 19.Qd3 d4 20.Ne4 Bxe4 21.fxe4 Nxg4 22.Qf3 h5 23.Bh3
b4 24.a4 Bd6 25.e5 Qc7 26.Qe2 Bxe5 27.Bxe5 Nxe5 28.Rxd4 f5 29.Re1 Nf3 {#R} 0-1

[Event "It (open)"]
[Site "masterchessopen.com Agneaux (France)"]
[Round "5"]
[White "Guillet Richard (FRA)"]
[Black "Sorin Baptiste (FRA)"]
[Result "1-0"]
[WhiteElo "2126"]
[BlackElo "2106"]

1.e4 c5 2.Nf3 Nc6 3.d4 cxd4 4.Nxd4 Nf6 5.Nc3 d6 6.Bg5 e6 7.Qd2 a6 8.O-O-O h6
9.Bf4 Ne5 10.Nf5 exf5 11.Bxe5 Be7 12.Bxd6 fxe4 13.Qf4 Nd5 14.Bxe7 Nxf4
15.Rxd8+ Kxe7 16.Rxh8 b5 17.g3 Ne6 18.Nd5+ {#r} 1-0

[Event "It (open)"]
[Site "masterchessopen.com Aschach (Austria)"]
[Round "2"]
[White "Baumegger Siegfried (AUT)"]
[Black "Brandstaetter Friedrich (AUT)"]
[Result "1-0"]
[WhiteElo "2391"]
[BlackElo "2184"]

1.e4 c5 2.Nf3 Nc6 3.d4 cxd4 4.Nxd4 Nf6 5.Nc3 d6 6.Bg5 e6 7.Qd2 a6 8.O-O-O h6
9.Be3 Be7 10.f4 Nxd4 11.Bxd4 b5 12.Bd3 Bb7 13.Qe1 O-O 14.a3 Bc6 15.g4 Qb8
16.g5 hxg5 17.fxg5 Nd7 18.Qh4 Ne5 19.Bxe5 dxe5 20.Nd5 exd5 21.exd5 g6 22.dxc6
Qb6 23.Rhe1 Qxc6 24.Be4 Qc4 25.Rd3 Qe6 26.Ree3 Rad8 27.Rh3 {#r} 1-0

[Event "It (open)"]
[Site "masterchessopen.com Bethune (France)"]
[Round "3"]
[White "Pelerin Martin (FRA)"]
[Black "Gregoire Thierry (FRA)"]
[Result "0-1"]
[WhiteElo "2010"]
[BlackElo "2009"]

1.e4 c5 2.Nf3 Nc6 3.d4 cxd4 4.Nxd4 Nf6 5.Nc3 d6 6.Bg5 e6 7.Qd2 a6 8.O-O-O h6
9.Bh4 Nxe4 10.Nxe4 Qxh4 11.Nxd6+ Bxd6 12.Nf5 exf5 13.Qxd6 Qe7 14.Qd2 Be6
15.Bd3 O-O 16.Rhe1 Qf6 {#R} 0-1

[Event "Ch Germany (team) (w)"]
[Site "masterchessopen.com Germany"]
[Round "3"]
[White "Spiel Marianne (GER)"]
[Black "Kas-Fromm Rita Dr (GER)"]
[Result "0-1"]
[WhiteElo "2065"]
[BlackElo "2212"]

1.e4 c5 2.Nf3 Nc6 3.d4 cxd4 4.Nxd4 Nf6 5.Nc3 d6 6.Bg5 e6 7.Qd2 a6 8.O-O-O h6
9.Bxf6 Qxf6 10.Bc4 Nxd4 11.Qxd4 Qxd4 12.Rxd4 Bd7 13.Bb3 Be7 14.f3 O-O 15.Na4
Bc6 16.Nb6 Rad8 17.Ba4 Bg5+ 18.Kb1 Be3 19.Rb4 Rb8 20.Nd7 Bxd7 21.Bxd7 Rfd8
22.Ba4 Bc5 23.a3 b5 {#R} 0-1

[Event "Tournament"]
[Site "masterchessopen.com Habana (Cuba)"]
[Round "9"]
[White "Toledo Wilfredo (CUB)"]
[Black "Perez Osniel (CUB)"]
[Result "0-1"]
[WhiteElo "2116"]
[BlackElo "2152"]

1.e4 c5 2.Nf3 d6 3.d4 cxd4 4.Nxd4 Nf6 5.Nc3 Nc6 6.Bg5 e6 7.Qd2 a6 8.O-O-O Nxd4
9.Qxd4 Be7 10.f4 b5 11.Be2 Qc7 12.Bf3 Bb7 13.Kb1 Rc8 14.Rd2 e5 15.Qd3 b4
16.Nd5 Nxd5 17.exd5 Bxg5 18.fxg5 Qc4 19.Qe3 Qc5 20.Qe4 a5 21.Rf1 Rc7 22.Bg4 a4
{#R} 0-1

[Event "Ch Hungary (team) 2000/01"]
[Site "masterchessopen.com Hungary"]
[Round "1"]
[White "Horvath Jozsef_ (HUN)"]
[Black "Csom Istvan (HUN)"]
[Result "1-0"]
[WhiteElo "2558"]
[BlackElo "2478"]

1.e4 c5 2.Nf3 d6 3.d4 cxd4 4.Nxd4 Nf6 5.Nc3 Nc6 6.Bg5 e6 7.Qd2 a6 8.O-O-O h6
9.Nxc6 bxc6 10.Bf4 d5 11.Qe3 Qa5 12.Be2 Bb7 13.Kb1 Bb4 14.Be5 O-O-O 15.exd5
cxd5 16.Bd4 Qc7 17.Na4 Rd6 18.Be5 Qa5 19.c3 Qxa4 20.cxb4 Rc6 21.Rc1 Qxb4
22.Bxa6 Kd8 23.a3 Qe7 24.Rxc6 {#r} 1-0

[Event "It (open)"]
[Site "masterchessopen.com Linares (Spain)"]
[Round "10"]
[White "Jorge Bort Emilio (ESP)"]
[Black "Touzane Olivier (FRA)"]
[Result "0-1"]
[WhiteElo "2210"]
[BlackElo "2382"]

1.e4 c5 2.Nc3 Nc6 3.Nf3 d6 4.d4 cxd4 5.Nxd4 Nf6 6.Bg5 e6 7.Qd2 a6 8.O-O-O h6
9.Bf4 Bd7 10.Nxc6 Bxc6 11.f3 d5 12.exd5 Nxd5 13.Ne4 Be7 14.Kb1 Nxf4 15.Qc1 Qc7
16.h4 Rc8 17.c3 Qe5 18.Rd4 Qxd4 19.cxd4 Bxe4+ 20.fxe4 Rxc1+ 21.Kxc1 f5 22.g3
Nh5 23.exf5 {#R} 0-1

[Event "It (open)"]
[Site "masterchessopen.com Montecatini Terme (Italy)"]
[Round "1"]
[White "Lanzani Mario (ITA)"]
[Black "Lapiccirella Mattia (ITA)"]
[Result "1-0"]
[WhiteElo "2419"]
[BlackElo "2144"]

1.e4 c5 2.Nf3 Nc6 3.d4 cxd4 4.Nxd4 Nf6 5.Nc3 d6 6.Bg5 e6 7.Qd2 a6 8.O-O-O Nxd4
9.Qxd4 Be7 10.Bxf6 gxf6 11.f4 b5 12.f5 Qa5 13.fxe6 fxe6 14.e5 dxe5 15.Qg4 Kf8
16.Qh5 Qb4 17.Be2 Qf4+ 18.Kb1 Qg5 19.Qf3 Rb8 20.Qc6 Kf7 21.Ne4 Qe3 22.Qc7 Qxe2
23.Nd6+ Kg6 24.Qxe7 {#r} 1-0

[Event "Cup Russia (open)"]
[Site "masterchessopen.com Moscow (Russia)"]
[Round "1"]
[White "Khruschiov Alexey (MDA)"]
[Black "Kiselev Sergey (RUS)"]
[Result "1-0"]
[WhiteElo "2381"]
[BlackElo "2480"]

1.e4 c5 2.Nf3 Nc6 3.d4 cxd4 4.Nxd4 Nf6 5.Nc3 d6 6.Bg5 e6 7.Qd2 a6 8.O-O-O h6
9.Bf4 Bd7 10.Nxc6 Bxc6 11.f3 d5 12.Qe1 Bb4 13.a3 Ba5 14.Bd2 b5 15.Kb1 Bc7
16.exd5 Bxd5 17.Nxd5 Nxd5 18.c4 bxc4 19.Bb4 Qg5 20.Bxc4 Ne3 21.Bb3 Nxd1
22.Qxd1 Rb8 23.Ba4+ Rb5 24.Qd4 {#r} 1-0

[Event "It (open)"]
[Site "masterchessopen.com Nikea (Greece)"]
[Round "0"]
[White "Makropoulou Marina (GRE)"]
[Black "Bagaturov Giorgi (GEO)"]
[Result "1-0"]
[WhiteElo "2284"]
[BlackElo "2501"]

1.e4 c5 2.Nf3 d6 3.d4 cxd4 4.Nxd4 Nf6 5.Nc3 Nc6 6.Bg5 e6 7.Qd2 a6 8.O-O-O h6
9.Nxc6 bxc6 10.Bf4 d5 11.Qe3 Qa5 12.Be2 dxe4 13.Nxe4 Nd5 14.Qg3 Qxa2 15.c4
Qa1+ 16.Kc2 Nb4+ 17.Kc3 Qa4 18.Nd6+ Bxd6 19.Bxd6 Qc2+ 20.Kxb4 Qxb2+ 21.Kc5
Qxe2 22.Qxg7 Qxf2+ 23.Kb4 Rb8+ 24.Bxb8 Qb6+ 25.Kc3 Qa5+ 26.Kb3 Qb6+ 27.Kc2
Qf2+ 28.Kc3 Rf8 29.Bd6 {#r} 1-0

[Event "It (open)"]
[Site "masterchessopen.com Polanica Zdroj (Poland)"]
[Round "8"]
[White "Brodsky Michail (UKR)"]
[Black "Ragozin Evgeni (RUS)"]
[Result "1-0"]
[WhiteElo "2532"]
[BlackElo "2489"]

1.e4 c5 2.Nf3 d6 3.d4 cxd4 4.Nxd4 Nf6 5.Nc3 Nc6 6.Bg5 e6 7.Qd2 a6 8.O-O-O h6
9.Be3 Be7 10.f4 Qc7 11.Kb1 Bd7 12.h3 b5 13.Bd3 Nxd4 14.Bxd4 Bc6 15.e5 dxe5
16.fxe5 Nd7 17.Ne4 Bxe4 18.Bxe4 Rc8 19.c3 O-O 20.Bc2 Rfd8 21.Rhf1 Nxe5 22.Qe2
Bd6 23.Rde1 Nc4 24.Qd3 f5 25.Rxe6 Qf7 26.Re2 Rf8 27.g4 Qb7 28.gxf5 {#r} 1-0

[Event "Ch Russia (w) (1 liga)"]
[Site "masterchessopen.com Protvino (Russia)"]
[Round "1"]
[White "Amelina Ekaterina (RUS)"]
[Black "Borisova Elizaveta (RUS)"]
[Result "0-1"]
[WhiteElo "2142"]
[BlackElo "2168"]

1.e4 c5 2.Nf3 Nc6 3.d4 cxd4 4.Nxd4 Nf6 5.Nc3 d6 6.Bg5 e6 7.Qd2 a6 8.f3 Bd7
9.g4 b5 10.h4 Ne5 11.f4 Nexg4 12.Bh3 h6 13.Qe2 hxg5 14.hxg5 b4 15.Nd1 e5
16.Nf5 g6 17.Nfe3 exf4 18.gxf6 Rxh3 19.Rxh3 Nxe3 20.Rh7 Bg4 21.Qd3 Bxd1
22.Rxd1 Qxf6 23.Qb3 Nxd1 24.Qa4+ Ke7 25.Kxd1 Qd4+ 26.Kc1 Qxe4 27.Kd1 f3 {#R}
0-1

[Event "Match"]
[Site "masterchessopen.com Reykjavik (Iceland)"]
[Round "3"]
[White "Thorhallsson Throstur (ISL)"]
[Black "Thorfinnsson Bragi (ISL)"]
[Result "1-0"]
[WhiteElo "2454"]
[BlackElo "2232"]

1.e4 c5 2.Nf3 Nc6 3.d4 cxd4 4.Nxd4 Nf6 5.Nc3 d6 6.Bg5 e6 7.Qd2 a6 8.O-O-O h6
9.Bf4 Bd7 10.Nxc6 Bxc6 11.f3 d5 12.Qe1 Bb4 13.a3 Ba5 14.b4 Bb6 15.Be5 O-O
16.Qg3 Rc8 17.exd5 exd5 18.Bd3 Re8 19.Rhe1 d4 20.Bf5 Ra8 21.f4 a5 22.b5 Qe7
23.Na4 Nh5 24.Qd3 Nxf4 25.Bxf4 Qxe1 26.Rxe1 Rxe1+ 27.Kd2 {#r} 1-0

[Event "Ch Cuba"]
[Site "masterchessopen.com Santa Clara (Cuba)"]
[Round "0"]
[White "Herrera Irisberto (ESP)"]
[Black "Perez Luis Manuel (CUB)"]
[Result "1-0"]
[WhiteElo "2467"]
[BlackElo "2381"]

1.e4 c5 2.Nf3 d6 3.d4 cxd4 4.Nxd4 Nf6 5.Nc3 Nc6 6.Bg5 e6 7.Qd2 a6 8.O-O-O h6
9.Nxc6 bxc6 10.Bf4 d5 11.Qe3 Bb4 12.Be2 Qa5 13.Be5 Bxc3 14.Bxc3 Qxa2 15.Bd3
dxe4 16.Bxe4 Nxe4 17.Qxe4 O-O 18.b3 a5 19.Rd3 a4 20.Bxg7 f5 21.Qb4 Rf7 22.Bb2
{#r} 1-0

[Event "Ch France (accession)"]
[Site "masterchessopen.com Vichy (France)"]
[Round "3"]
[White "Cornette Matthieu (FRA)"]
[Black "Sorin Maxime (FRA)"]
[Result "0-1"]
[WhiteElo "2144"]
[BlackElo "2294"]

1.e4 c5 2.Nf3 Nc6 3.Nc3 d6 4.d4 cxd4 5.Nxd4 Nf6 6.Bg5 e6 7.Qd2 a6 8.O-O-O h6
9.Nxc6 bxc6 10.Bf4 d5 11.Qe3 Qa5 12.Be2 Bb4 13.Be5 dxe4 14.Bxf6 gxf6 15.Qxe4
Bb7 16.Qd4 Bxc3 17.Qd7+ Kf8 18.Qxb7 Qg5+ 19.Kb1 Kg7 20.Rd7 Rhb8 21.h4 Rxb7
22.hxg5 Rxb2+ {#R} 0-1

[Event "Ch France (open) (a)"]
[Site "masterchessopen.com Vichy (France)"]
[Round "1"]
[White "Touboulic Julien (FRA)"]
[Black "Samara Fred (FRA)"]
[Result "1-0"]
[WhiteElo "2041"]
[BlackElo "2189"]

1.e4 c5 2.Nf3 d6 3.d4 cxd4 4.Nxd4 Nf6 5.Nc3 Nc6 6.Bg5 e6 7.Qd2 a6 8.O-O-O h6
9.Bh4 Nxe4 10.Qf4 Nf6 11.Nxc6 bxc6 12.Ne4 e5 13.Qf3 Be7 14.Nxd6+ Kf8 15.Bxf6
gxf6 16.Nxf7 Qa5 17.Nxh8 Qxa2 18.Ng6+ Kg7 19.Nxe7 {#r} 1-0

[Event "It (open)"]
[Site "masterchessopen.com Budapest (Hungary)"]
[Round "0"]
[White "Szuk Balazs (HUN)"]
[Black "Seres Lajos (HUN)"]
[Result "0-1"]
[WhiteElo "2355"]
[BlackElo "2444"]

1.e4 c5 2.Nf3 Nc6 3.d4 cxd4 4.Nxd4 Nf6 5.Nc3 d6 6.Bg5 e6 7.Qd2 a6 8.O-O-O Bd7
9.f3 h6 10.Be3 b5 11.Nxc6 Bxc6 12.Ne2 Bb7 13.Nd4 Qc7 14.Bd3 Nd7 15.Nb3 Ne5
16.Kb1 Rc8 17.Na5 Ba8 18.Be2 Be7 19.c4 Nxc4 20.Nxc4 bxc4 21.Bxc4 Qxc4 22.Rc1
Bxe4+ 23.Ka1 Bc2 24.Bd4 O-O 25.Bc3 Bg5 {#R} 0-1

[Event "It (open)"]
[Site "masterchessopen.com Baden-Wuerttemberg (Germany)"]
[Round "4"]
[White "Beyer Christian (GER)"]
[Black "Schmidt Joachim (GER)"]
[Result "1-0"]
[WhiteElo "2268"]
[BlackElo "2020"]

1.e4 c5 2.Nf3 Nc6 3.d4 cxd4 4.Nxd4 Nf6 5.Nc3 d6 6.Bg5 e6 7.Qd2 a6 8.O-O-O h6
9.Be3 Bd7 10.f4 b5 11.a3 Be7 12.Be2 Qc7 13.Bf3 Rb8 14.g4 Nxd4 15.Bxd4 e5
16.Be3 Bxg4 17.Bxg4 Nxg4 18.Nd5 Qb7 19.Bb6 O-O 20.Rhg1 Nf6 21.fxe5 Nxe4
22.Qxh6 Bg5+ 23.Rxg5 Nxg5 24.Nf6+ gxf6 25.exf6 {#r} 1-0

[Event "It \"]
[Site "masterchessopen.com Framingham (USA)"]
[Round "8"]
[White "Visweswaran K (IND)"]
[Black "Gibson Blake (USA)"]
[Result "1-0"]
[WhiteElo "2338"]
[BlackElo "2069"]

1.e4 c5 2.Nf3 d6 3.d4 cxd4 4.Nxd4 Nf6 5.Nc3 Nc6 6.Bg5 e6 7.Qd2 a6 8.O-O-O h6
9.Be3 Be7 10.f4 Nxd4 11.Bxd4 b5 12.Qe3 Qc7 13.Kb1 O-O 14.h3 Bb7 15.Bd3 e5
16.fxe5 dxe5 17.Bb6 Qc6 18.Rdf1 Bc8 19.Nd5 Nxd5 20.exd5 Qd6 21.g4 Bg5 22.Qf2
Qd7 23.d6 Bd8 24.Bc5 g6 25.Qe3 Re8 26.Qxh6 Bb7 27.Bxg6 fxg6 28.Qxg6+ Kh8
29.Rf7 {#r} 1-0

[Event "It"]
[Site "masterchessopen.com Gent (Belgium)"]
[Round "1"]
[White "Antoniewski Rafal (POL)"]
[Black "Bezsilko Philippe (FRA)"]
[Result "1-0"]
[WhiteElo "2446"]
[BlackElo "2217"]

1.e4 c5 2.Nf3 Nc6 3.Nc3 d6 4.d4 cxd4 5.Nxd4 Nf6 6.Bg5 e6 7.Qd2 a6 8.O-O-O h6
9.Be3 Bd7 10.f3 Qc7 11.Kb1 Ne5 12.f4 Nc4 13.Bxc4 Qxc4 14.e5 Nd5 15.Nxd5 Qxd5
16.Qf2 Qc4 17.exd6 Bxd6 18.Nb3 Be7 19.Bd4 Bc6 20.f5 O-O 21.Rhe1 Rad8 22.Qg3 e5
23.Bxe5 Rxd1+ 24.Rxd1 f6 25.Bc3 Be4 26.Qe1 {#r} 1-0

[Event "Ch Finland"]
[Site "masterchessopen.com Helsinki (Finland)"]
[Round "2"]
[White "Hamalainen Sami (FIN)"]
[Black "Sorsa Nuutti (FIN)"]
[Result "0-1"]
[WhiteElo "2168"]
[BlackElo "2277"]

1.e4 c5 2.Nf3 d6 3.d4 cxd4 4.Nxd4 Nf6 5.Nc3 Nc6 6.Bg5 e6 7.Qd2 a6 8.O-O-O h6
9.Bh4 Nxe4 10.Qf4 Ng5 11.Nxc6 bxc6 12.Qa4 Qb6 13.f4 Nh7 14.Bd3 Bd7 15.Rhe1 Nf6
16.Bxf6 gxf6 17.f5 e5 18.Qh4 Be7 19.Bc4 Bxf5 20.Rxd6 Rb8 21.Bb3 Bxd6 22.Qxf6
Qf2 23.Re2 Qf1+ 24.Kd2 O-O 25.Re3 Qf2+ 26.Ne2 Bb4+ 27.c3 Rbd8+ 28.Rd3 Rxd3+
{#R} 0-1

[Event "It (open) (juniors) (under 20)"]
[Site "masterchessopen.com Hengelo (Netherlands)"]
[Round "7"]
[White "Duijker Rick (NED)"]
[Black "Beeke Bobby (NED)"]
[Result "1-0"]
[WhiteElo "2214"]
[BlackElo "2223"]

1.e4 c5 2.Nf3 Nc6 3.d4 cxd4 4.Nxd4 Nf6 5.Nc3 d6 6.Bg5 e6 7.Qd2 a6 8.O-O-O h6
9.Bf4 Bd7 10.Nxc6 Bxc6 11.f3 e5 12.Be3 b5 13.g4 Qa5 14.Kb1 Be7 15.h4 b4 16.Nd5
Nxd5 17.exd5 Bd7 18.Be2 Bd8 19.f4 f6 20.g5 Bb6 21.gxf6 gxf6 22.fxe5 Bxe3
23.Qxe3 fxe5 24.Rhg1 Rc8 25.Bd3 Qc5 26.Qf3 Kd8 27.Rg7 Rc7 28.Qf6+ Kc8 29.Rxd7
{#r} 1-0

[Event "Tournament"]
[Site "masterchessopen.com Leimen (Germany)"]
[Round "3"]
[White "May Juergen (GER)"]
[Black "Zeier Robert (GER)"]
[Result "1-0"]
[WhiteElo "2023"]
[BlackElo "2174"]

1.e4 c5 2.Nf3 Nc6 3.d4 cxd4 4.Nxd4 Nf6 5.Nc3 d6 6.Bg5 e6 7.Qd2 a6 8.O-O-O h6
9.Bf4 Bd7 10.Nxc6 Bxc6 11.f3 d5 12.Qe3 Qa5 13.exd5 Nxd5 14.Qe5 Rd8 15.Bd2 Qb6
16.Bc4 Qc5 17.Bxd5 Bxd5 18.Be3 Bd6 19.Bxc5 Bxe5 20.Nxd5 {#r} 1-0

[Event "Ch World (juniors) (under 14)"]
[Site "masterchessopen.com Oropesa (Spain)"]
[Round "5"]
[White "Predojevic Borki (BIH)"]
[Black "Gareev Timur (UZB)"]
[Result "1-0"]
[WhiteElo "2352"]
[BlackElo "2631"]

1.e4 c5 2.Nf3 Nc6 3.d4 cxd4 4.Nxd4 Nf6 5.Nc3 d6 6.Bg5 e6 7.Qd2 a6 8.O-O-O h6
9.Bf4 Bd7 10.Nxc6 Bxc6 11.f3 e5 12.Be3 b5 13.g4 Rb8 14.h4 Be7 15.Kb1 a5 16.Bh3
b4 17.Ne2 Nd7 18.g5 h5 19.g6 fxg6 20.Rhg1 Nf8 21.Bg5 Qc7 22.Bxe7 Kxe7 23.f4
Bxe4 24.Ng3 d5 25.Nxe4 dxe4 26.fxe5 Qxe5 27.Rg5 Qf6 28.Qd5 {#r} 1-0

[Event "It"]
[Site "masterchessopen.com Sautron (France)"]
[Round "4"]
[White "Crouan Stephane (FRA)"]
[Black "Sorin Maxime (FRA)"]
[Result "1-0"]
[WhiteElo "2301"]
[BlackElo "2303"]

1.e4 c5 2.Nf3 Nc6 3.d4 cxd4 4.Nxd4 Nf6 5.Nc3 d6 6.Bg5 e6 7.Qd2 a6 8.O-O-O h6
9.Nxc6 bxc6 10.Bf4 d5 11.Be2 Bb4 12.Qe3 Qa5 13.exd5 cxd5 14.g4 Bb7 15.Rhg1
O-O-O 16.Kb1 Rh7 17.Rd4 Bc5 18.Na4 Bxd4 19.Qxd4 Nd7 20.Bd6 e5 21.Qd3 Rhh8
22.b3 Rhe8 23.Rg3 Nc5 24.Qc3 {#r} 1-0

[Event "It (cat.9)"]
[Site "masterchessopen.com Tula (Russia)"]
[Round "9"]
[White "Saulin Dmitri (RUS)"]
[Black "Savon Vladimir A (UKR)"]
[Result "1-0"]
[WhiteElo "2448"]
[BlackElo "2449"]

1.e4 c5 2.Nf3 d6 3.d4 cxd4 4.Nxd4 Nf6 5.Nc3 Nc6 6.Bg5 e6 7.Qd2 a6 8.O-O-O h6
9.Be3 Nxd4 10.Bxd4 b5 11.f4 Be7 12.Be2 b4 13.Na4 Rb8 14.e5 Nd5 15.Bf3 Nxf4
16.h4 Nd5 17.exd6 Bxh4 18.Kb1 Bg5 19.Qe1 Kf8 20.Bxd5 exd5 21.Qe5 f6 22.Qxd5
Bd7 23.Rhe1 b3 24.Nc5 bxc2+ 25.Kxc2 Rc8 26.Kb1 Bc6 27.Qe6 Qe8 28.Qf5 {#r} 1-0

[Event "Ch Germany (juniors) (under 18)"]
[Site "masterchessopen.com Willingen (Germany)"]
[Round "1"]
[White "Paehtz Thomas Jr (GER)"]
[Black "Hofrichter Jens (GER)"]
[Result "1-0"]
[WhiteElo "2261"]
[BlackElo "2139"]

1.e4 c5 2.Nf3 Nc6 3.d4 cxd4 4.Nxd4 Nf6 5.Nc3 d6 6.Bg5 e6 7.Qd2 a6 8.O-O-O h6
9.Nxc6 bxc6 10.Bf4 d5 11.Qe3 Be7 12.Be2 O-O 13.h4 Nd7 14.Qg3 Kh8 15.Bc7 Qe8
16.Rhe1 Bb7 17.Bf3 Nf6 18.Na4 Rg8 19.Nb6 Ra7 20.Qf4 dxe4 21.Bxe4 Nxe4 22.Rxe4
c5 23.Rc4 Bd5 24.Nxd5 exd5 25.Rc3 d4 26.Rb3 Qc6 27.Rb6 Bd6 28.Rxc6 {#r} 1-0

[Event "Tournament"]
[Site "masterchessopen.com Edmonton (Canada)"]
[Date "2001.02.03"]
[Round "4"]
[White "Ottosen David (CAN)"]
[Black "Gardner Robert (CAN)"]
[Result "0-1"]
[WhiteElo "2089"]
[BlackElo "2206"]

1.e4 c5 2.Nf3 d6 3.d4 cxd4 4.Nxd4 Nf6 5.Nc3 Nc6 6.Bg5 e6 7.Qd2 a6 8.f4 h6
9.Bxf6 Qxf6 10.e5 dxe5 11.Nxc6 bxc6 12.g3 exf4 13.O-O-O Bb4 14.Bg2 O-O 15.Bxc6
Bxc3 16.bxc3 Rb8 17.Qxf4 Qxf4+ 18.gxf4 Bb7 19.Rd6 Bxc6 20.Rxc6 Rfc8 21.Rxa6
Rxc3 22.Rf1 g6 23.a4 Rb4 24.h4 Ra3 25.h5 Ra1+ {#R} 0-1

[Event "It (open)"]
[Site "masterchessopen.com Bad Wiessee (Germany)"]
[Date "2001.11.03"]
[Round "8"]
[White "Schweinhagen Thomas (GER)"]
[Black "Schneider Hennig (GER)"]
[Result "0-1"]
[WhiteElo "2065"]
[BlackElo "2230"]

1.e4 c5 2.Nf3 Nc6 3.d4 cxd4 4.Nxd4 Nf6 5.Nc3 d6 6.Bg5 e6 7.Qd2 a6 8.O-O-O h6
9.Be3 Bd7 10.f3 Qc7 11.g4 Ne5 12.Kb1 Rb8 13.h4 b5 14.Bh3 Nc4 15.Qf2 d5 16.g5
Nxb2 17.Kxb2 Ba3+ 18.Kb1 Qxc3 19.Bc1 Bxc1 20.Kxc1 dxe4 21.gxf6 e3 {#R} 0-1

[Event "Ch Ukraine (juniors) (under 20)"]
[Site "masterchessopen.com Kramatorsk (Ukraine)"]
[Round "13"]
[White "Efimenko Zahar (UKR)"]
[Black "Yarmysty Mikhail (UKR)"]
[Result "1-0"]
[WhiteElo "2590"]
[BlackElo "2271"]

1.e4 c5 2.Nf3 d6 3.d4 cxd4 4.Nxd4 Nf6 5.Nc3 Nc6 6.Bg5 e6 7.Qd2 a6 8.O-O-O Be7
9.f4 Nxd4 10.Qxd4 b5 11.Bd3 Rb8 12.e5 dxe5 13.Qxe5 Qb6 14.Ne4 Nxe4 15.Qxg7 Rf8
16.Bxe7 Kxe7 17.Bxe4 Qe3+ 18.Kb1 Qxe4 19.Qg5+ f6 20.Qc5+ Kf7 21.Qc7+ Bd7
22.Rhe1 Qg6 23.f5 Qxf5 24.Rxd7+ Kg8 25.Rg7+ Kh8 26.g4 {#r} 1-0

[Event "It (open)"]
[Site "masterchessopen.com Leutersdorf (Germany)"]
[Round "8"]
[White "Wokurka Karel (CZE)"]
[Black "Luban Peter (GER)"]
[Result "1-0"]
[WhiteElo "2164"]
[BlackElo "2122"]

1.e4 c5 2.Nf3 Nc6 3.d4 cxd4 4.Nxd4 Nf6 5.Nc3 d6 6.Bg5 e6 7.Qd2 a6 8.f4 h6
9.Bxf6 Qxf6 10.Nf3 Be7 11.O-O-O O-O 12.h4 Qg6 13.h5 Qg3 14.Rh3 Qg4 15.Nh2 Qxf4
16.Qxf4 Bg5 17.Qxg5 hxg5 18.Rxd6 Ne5 19.Be2 {#r} 1-0

[Event "Ch Netherlands (juniors) (under 20)"]
[Site "masterchessopen.com Netherlands"]
[Round "8"]
[White "Plukkel Sjoerd (NED)"]
[Black "Bensdorp Marlies (NED)"]
[Result "0-1"]
[WhiteElo "2170"]
[BlackElo "2153"]

1.e4 c5 2.Nf3 d6 3.d4 cxd4 4.Nxd4 Nf6 5.Nc3 Nc6 6.Bg5 e6 7.Qd2 a6 8.O-O-O h6
9.Bh4 Be7 10.f4 Bd7 11.Nxc6 Bxc6 12.Be2 Nxe4 13.Bxe7 Kxe7 14.Nxe4 Bxe4 15.Qd4
Bxg2 16.Rhg1 Bh3 17.Rxg7 Bf5 18.Rdg1 Rf8 19.Bh5 Qc7 20.Qf2 Qc5 21.Qh4+ Kd7
22.Bd1 Rac8 23.Qf6 Bxc2 24.Rxf7+ Rxf7 25.Qxf7+ Kc6 26.Rg3 {#R} 0-1

[Event "Ch Paris (open) (B)"]
[Site "masterchessopen.com Paris (France)"]
[Round "6"]
[White "Bourcier Laurent (FRA)"]
[Black "Masera Michel (FRA)"]
[Result "0-1"]
[WhiteElo "1855"]
[BlackElo "2104"]

1.e4 c5 2.Nf3 Nc6 3.Nc3 d6 4.d4 cxd4 5.Nxd4 Nf6 6.Bg5 e6 7.Qd2 a6 8.O-O-O h6
9.Be3 Bd7 10.h3 b5 11.a3 Qc7 12.f4 Na5 13.f5 e5 14.Nf3 Nxe4 15.Qd3 Nxc3
16.bxc3 Nc4 17.g4 Rd8 18.Nd2 Qa5 19.Nb1 Be7 20.h4 Bc6 21.Rh3 d5 22.Re1 Bxa3+
23.Nxa3 Qxa3+ {#R} 0-1

[Event "Ch Chess Club (open)"]
[Site "masterchessopen.com Tula (Russia)"]
[Round "7"]
[White "Zaitsev Alexander (RUS)"]
[Black "Smirnov Alexander Y (RUS)"]
[Result "1-0"]
[WhiteElo "2355"]
[BlackElo "2272"]

1.e4 c5 2.Nf3 Nc6 3.d4 cxd4 4.Nxd4 Nf6 5.Nc3 d6 6.Bg5 e6 7.Qd2 a6 8.O-O-O h6
9.Nxc6 bxc6 10.Bf4 d5 11.Qe3 Be7 12.Be2 Qa5 13.Qg3 dxe4 14.Qxg7 Rg8 15.Qxh6 e5
16.Bg5 Ng4 17.Qxc6+ Kf8 18.Bxe7+ Kxe7 19.Qxa8 {#r} 1-0

[Event "Ch Europe (juniors) (under 16)"]
[Site "masterchessopen.com Budva (Yugoslavia)"]
[Round "3"]
[White "Broekmeulen Jasper (NED)"]
[Black "Dzhangobegov Vladimir (RUS)"]
[Result "1-0"]
[WhiteElo "2186"]
[BlackElo "2156"]

1.e4 c5 2.Nf3 Nc6 3.d4 cxd4 4.Nxd4 Nf6 5.Nc3 d6 6.Bg5 e6 7.Qd2 a6 8.O-O-O h6
9.Be3 Nxd4 10.Bxd4 b5 11.f3 Rb8 12.Kb1 b4 13.Ne2 e5 14.Bxe5 Be6 15.Bxf6 gxf6
16.Nf4 Qa5 17.Nxe6 fxe6 18.Bc4 Kf7 19.f4 Qc5 20.Qe2 Rc8 21.Bb3 f5 22.exf5 Qxf5
23.g4 Qf6 24.f5 {#r} 1-0